000 00811nam a22002417a 4500
003 OSt
005 20260218124925.0
008 260218b |||||||| |||| 00| 0 eng d
020 _a9780536563286
020 _a0536563284
040 _aRU
_beng
_cRU
_erda
050 _aHD31
_b.R63 2008
100 _aRobbins, Stephen P.
_eAuthor
245 _aLeadership Education 400 :
_bPrinciples of Management /
_cStephen P. Robbins, David A. DeCenzo, Mary L. Tucker, Anne M. McCarthy, Douglas A. Benton.
250 _a1st Edn.
260 _bPearson Custom Publishing,
_c2008.
300 _axiii,391pages
_bill. col.
504 _aIncludes bibliographical references.
650 _aManagement.
650 _aLeadership in education.
650 _aJunior Reserve Officer Training Corps (U.S.)
942 _2lcc
_cBK
999 _c265921
_d265920